|
|
|
|
| LEADER |
00000nam0a2200000 4500 |
| 001 |
141947 |
| 005 |
20231031142604.0 |
| 010 |
|
|
|a 5255014133
|
| 035 |
|
|
|a (RuTPU)RU\TPU\book\153845
|
| 090 |
|
|
|a 141947
|
| 100 |
|
|
|a 20080828d2004 m y0rusy50 ca
|
| 101 |
0 |
|
|a rus
|
| 102 |
|
|
|a RU
|
| 105 |
|
|
|a a z 000zy
|
| 200 |
1 |
|
|a 1000 мелочей из кожи
|f М. О. Синеглазова
|
| 210 |
|
|
|a Москва
|c Профиздат
|d 2004
|
| 215 |
|
|
|a 136 с.
|c ил.
|
| 225 |
1 |
|
|a Ремесло и рукоделие
|
| 330 |
|
|
|a Общедоступность и дешевизна такого популярного материала, как кожа, возможность использовать для работы самые маленькие ее кусочки, в том числе от старых изделий, пластичность, богатая цветовая гамма, легкость в обработке - все это выделяет кожу из разнообразных материалов для творческого труда. Работать с нею могут взрослые и дети, профессиональные художники и начинающие мастера. Она не требует сложных, дорогостоящих инструментов и материалов для обработки. Кожа благодарно отзовется на ваше внимание к ней - из ваших рук выйдут красивые, оригинальные изделия, которые украсят костюм и интерьер, станут приятным подарком друзьям. Все эти качества кожи позволяют сосредоточиться на художественной стороне процесса, проявить собственный вкус и творческие возможности.
|
| 610 |
1 |
|
|a искусство
|
| 610 |
1 |
|
|a декоративно-прикладное искусство
|
| 610 |
1 |
|
|a рукоделие
|
| 610 |
1 |
|
|a кожа
|
| 610 |
1 |
|
|a кожаные изделия
|
| 610 |
1 |
|
|a изготовление
|
| 675 |
|
|
|a 745/.749
|v 3
|
| 700 |
|
1 |
|a Синеглазова
|b М. О.
|g Марина Олеговна
|
| 801 |
|
1 |
|a RU
|b 63413507
|c 20080828
|g PSBO
|
| 801 |
|
2 |
|a RU
|b 63413507
|c 20080918
|g PSBO
|
| 942 |
|
|
|c BK
|